| 000 | 00665nam a22002297a 4500 | ||
|---|---|---|---|
| 005 | 20260515115028.0 | ||
| 008 | 240828b |||||||| |||| 00| 0 eng d | ||
| 020 | _a9789358491661 | ||
| 040 |
_aIN-DiNC _cIN-DiNC |
||
| 041 | _dasm | ||
| 082 |
_a301.0954 _bBHA |
||
| 245 |
_aBharatar samajtattwa - pratham khanda (Major3)/ _cby Dilip Kumar Bhuyan and others |
||
| 250 | _a1st ed. | ||
| 260 |
_aDibrugarh: _bBanalata, _c2024. |
||
| 300 | _a280.00 | ||
| 650 | _aSociology of India - I | ||
| 700 |
_aBhuyan, Dilip Kumar _eauthor |
||
| 700 |
_aPhukan, Prasanta _eauthor |
||
| 700 |
_aDutta, Santana _eauthor |
||
| 700 |
_aAhmed, Farhin _eauthor |
||
| 942 |
_2ddc _cBK |
||
| 999 |
_c11872 _d11872 |
||